00865nam a2200241 i 450000100060000000300090000600500170001500700030003200800410003502000180007608000130009410000310010724501450013825000120028326000360029530000220033149000210035365000480037483000290042285200330045199900170048495201220050192068ES-MaACL20230906180906.0t|050331s2002 sp ||||1| spa d a84-8310-847-X a1(089.3)1 aWagensberg, Jorge.911583210aSi la naturaleza es la respuesta, ¿cuál era la pregunta? b: y otros quinientos pensamientos sobre la incertidumbre / cJorge Wagensberg. a1ª ed. aBarcelona : bTusquets, c2002. a126 p. ; c21 cm.1 aMetatemas ; v7514aFilosofía-vMáximas y aforismos.9128170 aMetatemas ; v759178413 aES-MaACLjE-10892 bR.135737 c92068d92068 00104070aATENEOMbATENEOMcDEPO2d2008-01-17eSCl0oE-10892p1096128r2023-02-23 00:00:00w2023-02-23yMONOGRAFIA